Reference groups and the theory of revolution /

Bibliographic Details
Main Author: Urry, John
Format: Book
Language:English
Published: London, Boston : Routledge & K. Paul, [1973]
Series:International library of sociology.
Subjects:

MARC

Tag First Indicator Second Indicator Subfields
LEADER 00000cam a2200000 4500
001 in00000015162
005 20151007053006.0
008 731026s1973 enk b 00110 eng
010 |a  73079116  
015 |a GB*** 
020 |a 0710075413 
035 |a (OCoLC)00741167 
035 |9 AAA9973AM 
040 |a DLC  |c DLC  |d m/c  |d TXA  |d UtOrBLW 
043 |a a-io--- 
049 |a TXAM  |c [A11083547] 
050 0 0 |a HM281  |b .U77 1973 
082 0 |a 301.6/333 
100 1 |a Urry, John. 
245 1 0 |a Reference groups and the theory of revolution /  |c John Urry. 
264 1 |a London,  |a Boston :  |b Routledge & K. Paul,  |c [1973] 
300 |a xii, 244 pages ;  |c 22 cm. 
336 |a text  |b txt  |2 rdacontent 
337 |a unmediated  |b n  |2 rdamedia 
338 |a volume  |b nc  |2 rdacarrier 
490 1 |a International library of sociology 
504 |a Bibliography: pages 203-237. 
500 |a Includes index. 
650 0 |a Revolutions. 
650 0 |a Reference groups. 
650 0 |a Radicalism  |z Indonesia. 
830 0 |a International library of sociology. 
999 |a MARS 
999 f f |s 53c4c63a-b968-3941-a612-c066c4bd0be1  |i 4b76a439-4bb5-3bd6-8ba7-9e1fbdb6fdee  |t 0 
952 f f |p ric  |a Texas A&M University  |b Rellis Campus  |c Joint Library Facility  |d Remote Storage  |t 0  |e HM281 .U77 1973  |h Library of Congress classification  |i unmediated -- volume  |m A14811083547 
998 f f |a HM281 .U77 1973  |t 0  |l Remote Storage